EL ESTUDIO DE LA TEOLOGIA

Guardado en:
Detalles Bibliográficos
Autor principal: Davis, Charles (autor)
Formato: Libro
Temas:
Etiquetas: Agrega una etiqueta
Sin etiquetas, Sé el primero en etiquetar este registro!

MARC

LEADER 00000nam^a2200000^a^4500
001 000202736
005 20250521000000.0
009 20260310102949.852
035 |a 001401 
037 |a Acervo Xavier Clavigero 
082 |a 205. 1  |b DAV 
100 |a Davis, Charles  |e (autor) 
245 1 3 |a EL ESTUDIO DE LA TEOLOGIA 
264 |a BARCELONA :  |b HERDER,  |c 1965 
300 |a 341p. 
336 |a texto  |b txt  |2 rdacontenido 
337 |a sin mediación  |b n  |2 rdamedio 
338 |a volumen  |b nc  |2 rdasoporte 
649 |a XX 
650 |a Teología 
910 |a Fondo General 
920 |a Impresos - Libros 
930 |a Colección General 
905 |a 101 
901 |a 001401  |b IT1  |c ACC  |i 001401  |u 20250521 
901 |a 001402  |b IT1  |c ACC  |i 001402  |u 20250521 
902 |a https://opac.biblio.iteso.mx/vufind/Record/000202736